书目信息 |
| 题名: |
图说基因工程
|
|
| 作者: | 陶伟 , 李雪 主编 | |
| 分册: | ||
| 出版信息: | 北京 中国农业科学技术出版社 2015 |
|
| 页数: | 157页 | |
| 开本: | 24cm | |
| 丛书名: | 《图说新科技》系列丛书 | |
| 单 册: | ||
| 中图分类: | Q78 | |
| 科图分类: | ||
| 主题词: | 基因工程--图解 | |
| 电子资源: | ||
| ISBN: | 978-7-5116-0859-8 | |
| 000 | 00871oam2 2200265 450 | |
| 001 | 012015000161 | |
| 005 | 20151130091826.42 | |
| 010 | @a978-7-5116-0859-8@dCNY29.00 | |
| 100 | @a20150601d2015 em y0chiy50 ea | |
| 101 | 0 | @achi |
| 102 | @aCN@b110000 | |
| 105 | @aa z 000yy | |
| 106 | @ar | |
| 200 | 1 | @a图说基因工程@Atu shuo ji yin gong cheng@f陶伟,李雪主编 |
| 210 | @a北京@c中国农业科学技术出版社@d2015 | |
| 215 | @a157页@d24cm | |
| 225 | 2 | @a《图说新科技》系列丛书 |
| 330 | @a本书共有无章内容,第一章为基因工程概述;第二章介绍了动物基因工程;第三章介绍了植物基因工程;第四章介绍了医药基因工程;第五章介绍了微生物基因工程。 | |
| 410 | 0 | @12001 @a《图说新科技》系列丛书 |
| 606 | 0 | @a基因工程@j图解 |
| 690 | @aQ78@v5 | |
| 701 | 0 | @a陶伟@Atao wei@4主编 |
| 701 | 0 | @a李雪@Ali xue@4主编 |
| 801 | 0 | @aCN@b碧洲教育@c20151127 |
| 905 | @a10447@f4@dQ78@e180 | |
| 图说基因工程/陶伟,李雪主编.-北京:中国农业科学技术出版社,2015 |
| 157页;24cm.-(《图说新科技》系列丛书) |
| ISBN 978-7-5116-0859-8:CNY29.00 |
| 本书共有无章内容,第一章为基因工程概述;第二章介绍了动物基因工程;第三章介绍了植物基因工程;第四章介绍了医药基因工程;第五章介绍了微生物基因工程。 |
| ● |
| 相关链接 |
|
|
|
|
正题名:图说基因工程
索取号:Q78/180
 
预约/预借
| 序号 | 登录号 | 条形码 | 馆藏地/架位号 | 状态 | 备注 |
| 1 | 0871496 | 208714961 | 第二样本阅览室/ [索取号:Q78/180] | 在馆 | |
| 2 | 0871497 | 208714970 | 密集书库-生命科学系/ [索取号:Q78/180] | 在馆 | |
| 3 | 0871498 | 208714989 | 第三借阅区/ [索取号:Q78/180] | 在馆 | |
| 4 | 0871499 | 208714998 | 第三借阅区/ [索取号:Q78/180] | 在馆 |